| 000 | 00723nam a2200229 a 4500 | ||
|---|---|---|---|
| 005 | 20240925064152.0 | ||
| 008 | 991125s1975 es 000 0 spa u | ||
| 020 | _a847112159X | ||
| 035 | _aUPN01000024923 | ||
| 049 | _aCG | ||
| 050 | 4 |
_aBF721 _bT58 no.5 |
|
| 100 | 1 | _aMalrieu, Philippe | |
| 245 | 1 | 3 |
_aLa formación de la personalidad / _cPhilippe Malrieu, Suzanne Malrieu, Daniel Widlocher ; tr. Dolores Blasco. |
| 260 |
_aMadrid : _bMorata, _c1975. |
||
| 300 | _a375 p. | ||
| 440 | 0 |
_aTratado de psicología del niño ; _v5 |
|
| 650 | 0 |
_aDesarrollo de la personalidad _96217 |
|
| 650 | 4 |
_aNiño, Estudio del _9221 |
|
| 700 | 1 |
_aMalrieu, Suzanne, _ecoaut. |
|
| 700 | 1 |
_aWidlocher, Daniel, _ecoaut. |
|
| 905 | _aLibro | ||
| 999 |
_c24923 _d24923 |
||